<?xml version="1.0" encoding="UTF-8"?><?xml-stylesheet type="text/xsl" href="static/style.xsl"?><OAI-PMH xmlns="http://www.openarchives.org/OAI/2.0/" xmlns:xsi="http://www.w3.org/2001/XMLSchema-instance" xsi:schemaLocation="http://www.openarchives.org/OAI/2.0/ http://www.openarchives.org/OAI/2.0/OAI-PMH.xsd"><responseDate>2026-04-17T11:56:55Z</responseDate><request verb="GetRecord" identifier="oai:www.recercat.cat:10230/56397" metadataPrefix="marc">https://recercat.cat/oai/request</request><GetRecord><record><header><identifier>oai:recercat.cat:10230/56397</identifier><datestamp>2025-12-24T08:49:51Z</datestamp><setSpec>com_2072_6</setSpec><setSpec>col_2072_452952</setSpec></header><metadata><record xmlns="http://www.loc.gov/MARC21/slim" xmlns:dcterms="http://purl.org/dc/terms/" xmlns:xsi="http://www.w3.org/2001/XMLSchema-instance" xmlns:doc="http://www.lyncode.com/xoai" xsi:schemaLocation="http://www.loc.gov/MARC21/slim http://www.loc.gov/standards/marcxml/schema/MARC21slim.xsd">
   <leader>00925njm 22002777a 4500</leader>
   <datafield ind2=" " ind1=" " tag="042">
      <subfield code="a">dc</subfield>
   </datafield>
   <datafield ind2=" " ind1=" " tag="720">
      <subfield code="a">Jiménez-Morales, Manel</subfield>
      <subfield code="e">author</subfield>
   </datafield>
   <datafield ind2=" " ind1=" " tag="260">
      <subfield code="c">2023-04-03T06:19:26Z</subfield>
   </datafield>
   <datafield ind2=" " ind1=" " tag="260">
      <subfield code="c">2023-04-03T06:19:26Z</subfield>
   </datafield>
   <datafield ind2=" " ind1=" " tag="260">
      <subfield code="c">2023</subfield>
   </datafield>
   <datafield ind2=" " ind1=" " tag="520">
      <subfield code="a">El presente artículo propone como estudio de caso el diseño instruccional de la asignatura Fundamentos de realización televisiva, una materia troncal del grado en Comunicación Audiovisual en la Universitat Pompeu Fabra - Barcelona. Lo hace en el contexto de la puesta en marcha de un nuevo modelo educativo común llamado “EDvolució”, que pretende acentuar las dinámicas de aprendizaje activo del alumnado a través de la multiplicación de las experiencias de enseñanza, la práctica profesional, la inclusión de agentes sociales e industriales en el desarrollo de las asignaturas, el trabajo colaborativo y transdisciplinario, y la adquisición de competencias transversales, entre otros elementos. La particularidad de las materias relacionadas con las industrias creativas y culturales requiere de una aplicación excepcional de los principios que promueve EDvolució, al encontrarse en la intersección de ámbitos tecnológicos, artísticos y teóricos al mismo tiempo. Es por eso que el artículo expone, en primer lugar, cuáles son esas especificidades didácticas del sector en el que se incluye esta materia y qué enfoque disruptivo se le ha dado al caso en cuestión, y despliega, más adelante, cómo se propone su vínculo con EDvolució y cómo se desenvuelve concretamente su diseño instruccional.</subfield>
   </datafield>
   <datafield tag="653" ind2=" " ind1=" ">
      <subfield code="a">modelo educativo</subfield>
   </datafield>
   <datafield tag="653" ind2=" " ind1=" ">
      <subfield code="a">pedagogía abierta</subfield>
   </datafield>
   <datafield tag="653" ind2=" " ind1=" ">
      <subfield code="a">didáctica colaborativa</subfield>
   </datafield>
   <datafield tag="653" ind2=" " ind1=" ">
      <subfield code="a">enseñanza audiovisual</subfield>
   </datafield>
   <datafield ind2="0" ind1="0" tag="245">
      <subfield code="a">Hacia una didáctica de la creación artística, educativa y cultural: el diseño instruccional de la asignatura Fundamentos de realización televisiva según los principios del marco educativo EDvolució</subfield>
   </datafield>
</record></metadata></record></GetRecord></OAI-PMH>